000 00343nam a2200145Ia 4500
008 230718s9999 xx 000 0 und d
041 _aEng.
082 _a346.41
_bBAN-P
100 _aBangia, Dr. R.K
245 0 _aPrinciples of law Mercairthe
260 _aPakistan
_bAsia Law House
_c2016
300 _a1008
650 _aLaw
999 _c31375
_d31375